Quiz o Wałbrzychu - Statystyki

Ogólne statystyki
  • Ten quiz został rozwiązany 40 razy
  • Średni wynik to 6 z 15
Statystyki odpowiedzi
Wskazówka Odpowiedź % Poprawnych
Dzielnica Wałbrzycha, w której położony jest słynny zamek o tej samej nazwie Książ
83%
Roślina znajdująca się na herbie miasta Dąb
79%
Tablice rejestracyjne DB
66%
Zaginiony pojazd, którym według legendy Niemcy mieli przewozić kosztowności z Wrocławia do Niemiec i ma on się znajdować w okolicy Wałbrzycha Złoty pociąg
62%
Król Polski, którego imienia jest Park Miejski Jan III Sobieski
45%
Dzielnica na wjeździe od strony Boguszowa-Gorców, włączona w 1951 roku do Wałbrzycha Sobięcin
41%
Miasto otoczone przez obszar administracyjny Wałbrzycha z trzech stron, w sąsiedztwie Piaskowej Góry Szczawno-Zdrój
41%
Porcelana wałbrzyska określana jest czasem w ten sposób {Białe} złoto
38%
Najwyższy szczyt Gór Wałbrzyskich, położony w granicach administracyjnych Wałbrzycha Borowa
28%
Droga krajowa biegnąca przez cały obszar miasta DK 35
28%
Niemiecki obóz koncentracyjny, którego filia znajdowała się w Wałbrzychu Groß-Rosen
24%
Rok, w którym Wałbrzych ponownie został miastem na prawach powiatu 2013
21%
Według legendy zamek ten tego nie posiada, ponieważ stoi na skale Fundamenty
21%
Ród arystokratyczny, który był właścicielem tego zamku w latach 1605-1941 Hochbergowie
21%
Początkowa powojenna nazwa miasta Borowieck
10%
Nie znaleziono quizów pasujących do podanych kryteriów
Rozkład punktacji
Procent ludzi z każdym wynikiem
Percentyl według liczby udzielonych odpowiedzi
Twoja historia wyników
Nie rozwiązałeś tego quizu